Mathematics I (Record no. 83748)

MARC details
000 -LEADER
fixed length control field 00502nam a22001817a 4500
005 - DATE AND TIME OF LATEST TRANSACTION
control field 20230107141738.0
008 - FIXED-LENGTH DATA ELEMENTS--GENERAL INFORMATION
fixed length control field 230107b |||||||| |||| 00| 0 eng d
020 ## - INTERNATIONAL STANDARD BOOK NUMBER
International Standard Book Number 9789355011930
041 ## - LANGUAGE CODE
Language code of text/sound track or separate title eng
082 ## - DEWEY DECIMAL CLASSIFICATION NUMBER
Classification number 510
100 ## - MAIN ENTRY--PERSONAL NAME
Author Dass H K
245 ## - TITLE STATEMENT
Title Mathematics I
250 ## - EDITION STATEMENT
Edition statement 2nd
260 ## - PUBLICATION, DISTRIBUTION, ETC.
Place of publication, distribution, etc. New Delhi
Name of publisher, distributor, etc. S Chand and Company
Date of publication, distribution, etc. 2022
300 ## - PHYSICAL DESCRIPTION
Extent 1-495
520 ## - SUMMARY, ETC.
Summary, etc. Differential Calculus<br/>Multivariable Calculus <br/>Matrices<br/>First Order Ordinary Differential Equations
942 ## - ADDED ENTRY ELEMENTS (KOHA)
Koha item type Books

No items available.